[Event "Asian-ch Seniors 65"]
[Site "Chess.com INT"]
[Date "2020.07.20"]
[Round "3.5"]
[White "Serjmyadag, Damdin"]
[Black "Fardbehbahani, Behnam"]
[Result "0-1"]
[WhiteElo "2008"]
[BlackElo "1683"]
[PlyCount "74"]
[EventDate "2020.07.20"]
[EventType "swiss"]
[EventRounds "9"]
[EventCountry "UAE"]
[SourceTitle "EXT 2024"]
[Source "ChessBase"]
[SourceDate "2023.10.10"]
[SourceVersion "1"]
[SourceVersionDate "2023.10.10"]
[SourceQuality "1"]

1. e4 c5 2. Nf3 d6 3. d4 cxd4 4. Nxd4 Nf6 5. Nc3 a6 6. Be2 e5 7. Nb3 Be6 8. Be3 Nbd7 9. 0-0 Be7 10. f4 exf4 11. Bxf4 Ne5 12. Kh1 0-0 13. Nd4 Rc8 14. Nxe6 fxe6 15. Bxe5 dxe5 16. Bd3 b5 17. a3 Qb6 18. Qe2 g6 19. Rad1 Nh5 20. g3 Rxf1+ 21. Rxf1 Rf8 22. Kg2 Rxf1 23. Qxf1 Qe3 24. Qe2 Qc1 25. Nd1 Bc5 26. h4 Nf6 27. Qf3 Kg7 28. b4 Bd4 29. c3 Bxc3 30. Nxc3 Qxc3 31. Be2 Qc2 32. Qd3 Qb2 33. Kf3 h5 34. Qd8 Qxa3+ 35. Kf2 Nxe4+ 36. Kg2 Qxg3+ 37. Kf1 Qf2# 0-1

[Event "Asian-ch Seniors 65 zt 3.1"]
[Site "Chess.com INT"]
[Date "2020.07.13"]
[Round "7.2"]
[White "Fardbehbahani, Behnam"]
[Black "Ardeshirpour, Hossein"]
[Result "1-0"]
[WhiteElo "1683"]
[BlackElo "1794"]
[PlyCount "61"]
[EventDate "2020.07.13"]
[EventType "swiss"]
[EventRounds "7"]
[EventCountry "JOR"]
[SourceTitle "EXT 2024"]
[Source "ChessBase"]
[SourceDate "2023.10.10"]
[SourceVersion "1"]
[SourceVersionDate "2023.10.10"]
[SourceQuality "1"]

1. c4 e5 2. Nc3 d6 3. Nf3 c5 4. h3 Nc6 5. e3 Nf6 6. d4 Be7 7. d5 Nb8 8. e4 0-0 9. Bd3 h6 10. Be3 Nh7 11. Qc2 Nd7 12. 0-0 Kh8 13. Ne2 Rg8 14. Ng3 Ndf8 15. a3 Ng6 16. b4 b6 17. bxc5 bxc5 18. Rfb1 Bf6 19. Rb3 Nf4 20. Bf1 g5 21. Rab1 Ba6 22. Nf5 Bg7 23. g3 Ng6 24. Qd2 Bc8 25. Bd3 Bd7 26. Rb7 Bxf5 27. exf5 Ne7 28. g4 Nf6 29. Nh2 e4 30. Be2 Nd7 31. R7b3 1-0

[Event "Asia-ch Seniors 50"]
[Site "Larestan"]
[Date "2015.09.30"]
[Round "8"]
[White "Ghobadibigvand, Ali"]
[Black "Fardbehbahani, Behnam"]
[Result "1-0"]
[WhiteElo "1943"]
[BlackElo "1898"]
[PlyCount "72"]
[EventDate "2015.09.25"]
[EventType "swiss"]
[EventRounds "9"]
[EventCountry "IRI"]
[SourceTitle "EXT 2017"]
[Source "ChessBase"]
[SourceDate "2016.10.25"]
[SourceVersion "1"]
[SourceVersionDate "2016.10.25"]
[SourceQuality "1"]

1. Nf3 d5 2. d4 Bf5 3. c4 e6 4. Nc3 c6 5. e3 Nf6 6. Bd3 Bg6 7. 0-0 Nbd7 8. cxd5 cxd5 9. Bxg6 hxg6 10. Qd3 Bd6 11. e4 dxe4 12. Nxe4 Nxe4 13. Qxe4 Qc7 14. h3 Nf6 15. Qd3 0-0 16. Bd2 Qc6 17. Qb3 Qd5 18. Qxd5 Nxd5 19. Rac1 Rfc8 20. Rfd1 f6 21. Kf1 g5 22. g3 Kf7 23. Rxc8 Rxc8 24. Rc1 Rxc1+ 25. Bxc1 Nb4 26. Ke2 Nxa2 27. Bd2 Nb4 28. Bc3 Ke7 29. Bxb4 Bxb4 30. Kd3 b5 31. g4 Kd6 32. Ke4 a5 33. Ng1 Be1 34. f3 a4 35. Ne2 b4 36. Nc1 Bd2 1-0

[Event "Rafsanjan op 1st"]
[Site "Rafsanjan"]
[Date "2015.08.14"]
[Round "7"]
[White "Baniasad, Emad"]
[Black "Fardbehbahani, Behnam"]
[Result "0-1"]
[WhiteElo "1963"]
[BlackElo "1888"]
[PlyCount "76"]
[EventDate "2015.08.10"]
[EventType "swiss"]
[EventRounds "9"]
[EventCountry "IRI"]
[SourceTitle "EXT 2016"]
[Source "ChessBase"]
[SourceDate "2015.10.08"]
[SourceVersion "1"]
[SourceVersionDate "2015.10.08"]
[SourceQuality "1"]

1. e4 d6 2. d4 g6 3. Nf3 Bg7 4. Be3 Nf6 5. Bd3 Nbd7 6. h3 e5 7. Nc3 exd4 8. Bxd4 0-0 9. Qd2 b6 10. 0-0-0 Bb7 11. Ne1 Re8 12. f3 Nc5 13. Bc4 Qe7 14. Bf2 a5 15. Nd3 c6 16. Nxc5 dxc5 17. Qd6 Nh5 18. Qxe7 Rxe7 19. Na4 b5 20. Bxc5 Re5 21. Bd6 bxc4 22. Bxe5 Bxe5 23. Nb6 Re8 24. Nxc4 Bf4+ 25. Kb1 a4 26. Rd7 Ba6 27. Na5 Kg7 28. Ra7 Bb5 29. c4 Be3 30. Rd7 Ba6 31. Rhd1 Bb6 32. Nxc6 Bxc4 33. Nb4 Nf4 34. Nd5 Nxd5 35. exd5 Be2 36. Rh1 Bd3+ 37. Kc1 Be3+ 38. Kd1 Rc8 0-1

[Event "Benidorm op U2000 07th"]
[Site "Benidorm"]
[Date "2008.11.30"]
[Round "2"]
[White "Soler Nadal, Jose Antonio"]
[Black "Fardbehbahani, Behnam"]
[Result "0-1"]
[WhiteElo "1881"]
[BlackElo "1979"]
[PlyCount "72"]
[EventDate "2008.11.29"]
[EventType "swiss"]
[EventRounds "9"]
[EventCountry "ESP"]
[SourceTitle "CBM 127 Extra"]
[Source "ChessBase"]
[SourceDate "2009.01.08"]
[SourceVersion "2"]
[SourceVersionDate "2009.01.28"]
[SourceQuality "1"]

1. d4 d5 2. c4 c6 3. cxd5 cxd5 4. Nc3 Nf6 5. Bf4 a6 6. e3 e6 7. a3 Bd6 8. Bxd6 Qxd6 9. Nf3 Nbd7 10. Bd3 0-0 11. 0-0 Rd8 12. Rc1 e5 13. dxe5 Nxe5 14. Nxe5 Qxe5 15. h3 Bd7 16. Bb1 Rac8 17. Qf3 Bc6 18. Qf5 Qd6 19. Rcd1 g6 20. Qg5 Kg7 21. Rd4 h6 22. Qf4 Qxf4 23. exf4 Rd7 24. Re1 Re8 25. Rxe8 Nxe8 26. f3 Nc7 27. f5 Kf6 28. Kf2 Re7 29. g4 g5 30. Bd3 Ke5 31. Ke3 Bd7 32. b4 f6 33. Be2 Bc6 34. Rd3 Re8 35. a4 b6 36. Bf1 Bb7 0-1

[Event "Benidorm op U2000 07th"]
[Site "Benidorm"]
[Date "2008.11.29"]
[Round "1"]
[White "Fardbehbahani, Behnam"]
[Black "Aleman Alamo, Nicolas"]
[Result "0-1"]
[WhiteElo "1979"]
[BlackElo "1742"]
[PlyCount "78"]
[EventDate "2008.11.29"]
[EventType "swiss"]
[EventRounds "9"]
[EventCountry "ESP"]
[SourceTitle "CBM 127 Extra"]
[Source "ChessBase"]
[SourceDate "2009.01.08"]
[SourceVersion "2"]
[SourceVersionDate "2009.01.28"]
[SourceQuality "1"]

1. Nf3 f5 2. c4 Nf6 3. Nc3 e6 4. d4 Be7 5. e3 0-0 6. Bd3 d5 7. Qc2 Na6 8. a3 c5 9. 0-0 Ne4 10. Ne5 Nc7 11. Ne2 cxd4 12. Nxd4 Bd6 13. Ndf3 Qf6 14. cxd5 exd5 15. Nc4 dxc4 16. Bxc4+ Be6 17. Bd3 Bd5 18. Nd4 Ne6 19. Bxe4 fxe4 20. Ne2 Qe5 21. Ng3 Rac8 22. Qd2 Nc5 23. Qd4 Qxd4 24. exd4 Nb3 25. Rb1 Bxg3 26. hxg3 Bc4 27. Be3 Bxf1 28. Kxf1 Rc2 29. Ke1 b6 30. Kd1 Rcxf2 31. Bxf2 Rxf2 32. Ke1 Rxg2 33. Kf1 Rd2 34. Re1 Rxd4 35. Re3 Nc5 36. b4 Nd3 37. Kg2 Kf7 38. Re2 Kf6 39. Rc2 Ne1+ 0-1

[Event "Lahijan op 4th"]
[Site "Lahijan"]
[Date "2005.08.29"]
[Round "5"]
[White "Abdullaev, Makhish"]
[Black "Fardbehbahani, Behnam"]
[Result "1-0"]
[WhiteElo "2255"]
[BlackElo "2005"]
[PlyCount "58"]
[EventDate "2005.08.24"]
[EventType "swiss"]
[EventRounds "10"]
[EventCountry "IRI"]
[SourceTitle "CBM 108 Extra"]
[Source "ChessBase"]
[SourceDate "2005.11.04"]
[SourceVersion "1"]
[SourceVersionDate "2005.11.04"]
[SourceQuality "1"]

1. e4 g6 2. d4 Bg7 3. Nc3 d6 4. f4 Nf6 5. Nf3 a5 6. Bd3 Na6 7. 0-0 0-0 8. a3 c5 9. d5 Bg4 10. h3 Bxf3 11. Qxf3 Nd7 12. Be3 Nb6 13. Qf2 Qd7 14. Kh1 e6 15. f5 exf5 16. exf5 Be5 17. Qh4 Nc7 18. Ne4 f6 19. fxg6 hxg6 20. Nxf6+ Bxf6 21. Rxf6 Rxf6 22. Qxf6 Ncxd5 23. Qxg6+ Qg7 24. Qxd6 Nxe3 25. Qe6+ Kh8 26. Qxe3 Rc8 27. Qe6 Nd7 28. Bf5 Rc7 29. Re1 Nf6 1-0

[Event "Lahijan op 4th"]
[Site "Lahijan"]
[Date "2005.08.29"]
[Round "4"]
[White "Fardbehbahani, Behnam"]
[Black "Ryahi, Naser"]
[Result "1-0"]
[WhiteElo "2005"]
[BlackElo "2269"]
[PlyCount "93"]
[EventDate "2005.08.24"]
[EventType "swiss"]
[EventRounds "10"]
[EventCountry "IRI"]
[SourceTitle "CBM 108 Extra"]
[Source "ChessBase"]
[SourceDate "2005.11.04"]
[SourceVersion "1"]
[SourceVersionDate "2005.11.04"]
[SourceQuality "1"]

1. d4 Nf6 2. g3 g6 3. Bg2 Bg7 4. Nf3 0-0 5. c4 c5 6. d5 d6 7. Nc3 Ne8 8. 0-0 Nc7 9. e4 a6 10. a4 Nd7 11. Qd3 Rb8 12. Re1 Ne5 13. Nxe5 dxe5 14. Be3 Ne6 15. Rab1 Qd6 16. Ne2 b5 17. axb5 axb5 18. cxb5 Bd7 19. Nc3 Nd4 20. Rec1 Rfc8 21. b3 Nxb3 22. Rc2 c4 23. Qd1 Bxb5 24. Nxb5 Rxb5 25. Bf1 Rb4 26. Rxc4 Rcxc4 27. Bxc4 Nd4 28. Rc1 h5 29. Bf1 Kh7 30. Rc8 Qf6 31. Kg2 Rb2 32. h4 Bh6 33. Bxd4 exd4 34. Rc2 Qb6 35. Bd3 e5 36. Qf3 Kg7 37. Rc6 Qd8 38. Kg1 Rb7 39. Qd1 Qa5 40. d6 Rd7 41. Qb1 Qd8 42. Qb4 Kf6 43. Qc5 Qe8 44. Rc7 Qe6 45. Rxd7 Qxd7 46. f4 exf4 47. Qxd4+ 1-0